Who sits in the driving seat - Contractor or client? (Record no. 28937)
[ view plain ]
| 000 -LEADER | |
|---|---|
| fixed length control field | 01053cab a2200205 4500 |
| 001 - CONTROL NUMBER | |
| control field | ABS44190 |
| 008 - FIXED-LENGTH DATA ELEMENTS--GENERAL INFORMATION | |
| fixed length control field | 090401t1991 xxu||||| |||| 00| 0 eng d |
| 035 ## - SYSTEM CONTROL NUMBER | |
| System control number | (Sirsi) u45726 |
| 041 ## - LANGUAGE CODE | |
| Language code of text/sound track or separate title | eng |
| 100 ## - MAIN ENTRY--PERSONAL NAME | |
| Personal name | Franks, J. |
| 245 ## - TITLE STATEMENT | |
| Title | Who sits in the driving seat - Contractor or client? |
| 260 ## - PUBLICATION, DISTRIBUTION, ETC. | |
| Date of publication, distribution, etc. | 1991 |
| 350 ## - PRICE (NR) (BK AM CF MU VM SE) [OBSOLETE] | |
| Price | 0 |
| 490 ## - SERIES STATEMENT | |
| Series statement | Chartered Builder |
| Volume/sequential designation | 3 (2) March 1991, 16-17 (2) |
| 520 ## - SUMMARY, ETC. | |
| Summary, etc. | Considers the involvement which clients expect to play in construction projects following a Chartered Institute of Builders questionnaire based on the needs and expectations of 50 clients ranging from individual involvement in projects from the design to the construction stage and different types of contractual arrangements ranging from design and build to traditional project management. Lack of team work within the design team and poor performance by the architect and failure to co-ordinate subcontracts work were amongst the chief complaints. |
| 650 ## - SUBJECT ADDED ENTRY--TOPICAL TERM | |
| Topical term or geographic name entry element | CLIENTS NEEDS |
| 690 ## - LOCAL SUBJECT ADDED ENTRY--TOPICAL TERM (OCLC, RLIN) | |
| Topical term or geographic name as entry element | BUILT ENVIRONMENT |
| 942 ## - ADDED ENTRY ELEMENTS (KOHA) | |
| Suppress in OPAC | 0 |
| 948 ## - LOCAL PROCESSING INFORMATION (OCLC); SERIES PART DESIGNATOR (RLIN) | |
| c (OCLC) | 04/03/1997 |
| Withdrawn status | Lost status | Source of classification or shelving scheme | Damaged status | Not for loan | Home library | Current library | Shelving location | Date acquired | Total Checkouts | Full call number | Barcode | Date last seen | Copy number | Price effective from | Koha item type |
|---|---|---|---|---|---|---|---|---|---|---|---|---|---|---|---|
| Dewey Decimal Classification | London | London | Journal article | 14/09/1999 | ABS44190 | 45726-1001 | 06/08/2019 | 1 | 06/08/2019 | Journal article |